Wspolną drogą
| Other Authors: | |
|---|---|
| Format: | Book |
| Language: | Polish Hungarian Romanian, Moldovan Slovak |
| PhysicalDescription: | 146 s. fotogr., ilustr. 21 cm |
| Published: |
[Békéscsaba
Magyar-Lengyel Baráti Kulturális Egyesület]
2008
|
| ISBN: | (brož.) |
| Subjects: |
MARC
| LEADER | 00000nam a22000005a 4500 | ||
|---|---|---|---|
| 001 | vtls009289454 | ||
| 003 | SK-MaSNL | ||
| 005 | 20260301081616.0 | ||
| 008 | 160610s2008 hu a 000 mdpol | ||
| 015 | |a SNBZSA2008-00595 | ||
| 020 | |a (brož.) | ||
| 035 | |a 9D56B61D-66BB-4EAF-8D3B-648C2175A1BF | ||
| 035 | |a urn:nbn:sk:snk-aml9kb | ||
| 035 | |a urn:nbn:sk:snk-am008rgr | ||
| 040 | |a SNK |b slo |c SNK |e AACR2 | ||
| 041 | 0 | |a pol |a hun |a rum |a slo | |
| 044 | |a hu |c HU | ||
| 072 | 7 | |a 821-1/-8 |x Literatúra rôznych foriem a žánrov |2 konspekt | |
| 072 | 7 | |a 82:06 |x Literárne organizácie, súťaže |2 konspekt | |
| 080 | |a 821-1-4 |x (082) |2 2001 | ||
| 080 | |a 82:061.3(439) |2 2001 | ||
| 245 | 0 | 0 | |a Wspolną drogą |c [szerkesztette: Hevesi Józef] |
| 246 | 1 | 1 | |a Közös úton |
| 246 | 1 | 1 | |a Pe drumul comunn |
| 246 | 1 | 1 | |a Spoločnou cestou |
| 260 | |a [Békéscsaba |b Magyar-Lengyel Baráti Kulturális Egyesület] |c 2008 | ||
| 300 | |a 146 s. |b fotogr., ilustr. |c 21 cm | ||
| 500 | |a 330 výt. | ||
| 546 | |a Súbež. názov poľ., maď., rum. a slov. Text čiast. maď., poľ., rum. a slov. | ||
| 611 | 2 | 7 | |a Medzinárodná literárna konferencia |n (1. : |d 2008 : |c Békešská Čaba, Maďarsko) |2 snkbuxs |9 405161 |
| 650 | 0 | 7 | |a slovenská literatúra |2 snkph |9 1115 |
| 650 | 0 | 7 | |a maďarská literatúra |2 snkph |9 1193 |
| 650 | 0 | 7 | |a rumunská literatúra |2 snkph |9 1203 |
| 650 | 0 | 7 | |a poľská literatúra |2 snkph |9 1201 |
| 650 | 0 | 7 | |a medziliterárne vzťahy |z Maďarsko |z Poľsko |z Rumunsko |z Slovensko |2 snkbuxs |9 405162 |
| 655 | 7 | |a antológie |2 snkph |9 70414 | |
| 700 | 1 | |a Hevesi, József |4 edt |9 405163 | |
| 958 | |a ZS | ||
| 958 | |a LX | ||
| 958 | |a HU | ||
| 958 | |a RO | ||
| 958 | |a PL | ||
| 958 | |a OND | ||
| 999 | |c 656341 |d 658271 | ||
| 952 | |a SNK |b SNK |y PREZ |7 0 |p 17A0586923 |o snkSC 131834 |i snk2008/9341 |8 1 |0 0 |1 0 |4 0 |d 2008-04-25 |f 1 |l 0 |r 2025-06-23 00:00:00 |w 2026-02-23 | ||


